Aleph logo Katalog Główny
Aleph logo Zaloguj | Koniec sesji | Moje konto | Preferencje | Bazy | Komentarze | WMB | Nowości w katalogu | Pomoc
Aleph logo   English Version | Przeglądaj | Wyszukaj | Lista wyników | Poprzednie wyszukiwania | Moja e-półka | Biblioteka Cyfrowa |
 
 
  Zapytanie BIB  |  Dodaj do e-półki  |  Szukaj  |  Zapisz/wyślij  |  Zapisz na serwerze  |  Dodaj do mojej e-półki  | 
 

Pełny widok rekordu

Wybierz format: Standard Karta katalogowa Cytat Etykiety nazw Etykiety MARC
Miniatura nie jest powiązana z konkretnym obiektem, wybierz obiekt. 
FMT BK
LDR      nam  22      u 4500
001 000033656
005 20150626084831.0
008 060127s2005    pl      r     000 0 pol d
022 |a 1509-9652
040 |a WA 015 |c WA 015
0410 |a pol |a eng
24500 |a Rocznik statystyczny województwa mazowieckiego 2005 = |b Statistical yearbook of the Mazowieckie Voivodship 2005. |n R. 6. / |c [zespół red. przewodn. Zofia Kozłowska ; red. gł. Barbara Czerwińska-Jędrusiak] ; Urząd Statystyczny w Warszawie.
24611 |a Statistical yearbook of the Mazowieckie Voivodship 2005
260 |a Warszawa : |b Urząd Statystyczny, |c 2005.
300 |a 333 s., [16] s. tabl. : |b il. kolor. ; |c 24 cm.
500 |a Gł. tab.
546 |a Tekst równol. pol., ang.
7001 |a Kozłowska, Zofia. |e Red.
7001 |a Czerwińska-Jędrusiak, Barbara. |e Red.
7102 |a Urząd Statystyczny (Warszawa)
999 |a ADAM
SYG |a 151934
SYG |a 151935
SYG |a 162233
BNB |a 02.01 Roczniki polskie
DEG |a statystyka województwa
DEP |a województwo mazowieckie
DEP |a rocznik statystyczny
KTG |a MR
KTK |a SK
KTS |a BS
BAS |a 11
BAS |a 46
BAS |a 91
BAS |a 95
PST |0 Z30 |1 000033656000020 |b BG |c CZ |o BOOK |d 01 |y 00000 |f N |r CBS60-000000000 |h 151935 |3 Książka |4 Wypożyczalnia p.67 |5 Czytelnia |6 Na miejscu
PST |0 Z30 |1 000033656000040 |b BG |c MAG |o BOOK |d 06 |f N |r CBS60-000000000 |h 12345 |3 Książka |4 Wypożyczalnia p.67 |5 Magazyn |6 A - na miejscu
PST |0 Z30 |1 000033656000040 |b BG |c MAG |o BOOK |d 06 |f N |r CBS60-000000000 |h 151934 |3 Książka |4 Wypożyczalnia p.67 |5 Magazyn |6 A - na miejscu
PST |0 Z30 |1 000033656000030 |b BG |c MAG |o BOOK |d 01 |f N |r CBS60-000000000 |h 162233 |3 Książka |4 Wypożyczalnia p.67 |5 Magazyn |6 Na miejscu
SBL |a BG
LOC |b BG |c CZ |h 151935 |o BOOK |4 Wypożyczalnia p.67 |5 Czytelnia |3 Książka
LOC |b BG |c MAG |h 12345 |o BOOK |4 Wypożyczalnia p.67 |5 Magazyn |3 Książka
LOC |b BG |c MAG |h 151934 |o BOOK |4 Wypożyczalnia p.67 |5 Magazyn |3 Książka
LOC |b BG |c MAG |h 162233 |o BOOK |4 Wypożyczalnia p.67 |5 Magazyn |3 Książka
STS |a 01
STS |a 06
SYS 000033656

Wybierz format: Standard Karta Katalogowa Cytat Etykiety nazw Etykiety MARC


Koniec sesji - Ustawienia - Komentarze - Pomoc - WMB - Ex Libris - Przeglądaj - Szukaj - Lista wyników - Poprzednie wyszukiwania - Bazy - Koszyk